How To Get From Where You Are To Where You Want To Be: (Record no. 326807)
[ view plain ]
| 000 -LEADER | |
|---|---|
| fixed length control field | 00498nam a2200169Ia 4500 |
| 008 - FIXED-LENGTH DATA ELEMENTS--GENERAL INFORMATION | |
| fixed length control field | 230718s9999 xx 000 0 und d |
| 020 ## - INTERNATIONAL STANDARD BOOK NUMBER | |
| International Standard Book Number | 9780007265497 |
| 041 ## - LANGUAGE CODE | |
| Language code of text/sound track or separate title | eng |
| 082 ## - DEWEY DECIMAL CLASSIFICATION NUMBER | |
| Classification number | 294.3444 |
| Item number | CAN |
| 100 ## - MAIN ENTRY--PERSONAL NAME | |
| Personal name | Canfield J. |
| 245 ## - TITLE STATEMENT | |
| Title | How To Get From Where You Are To Where You Want To Be: |
| Remainder of title | The 25 Principles Of Success |
| 260 ## - PUBLICATION, DISTRIBUTION, ETC. (IMPRINT) | |
| Date of publication, distribution, etc. | 2007 |
| Name of publisher, distributor, etc. | Harper Element |
| 300 ## - PHYSICAL DESCRIPTION | |
| Extent | 335 |
| 365 ## - TRADE PRICE | |
| Currency code | Rs. |
| Price amount | 275.00 |
| 700 ## - ADDED ENTRY--PERSONAL NAME | |
| Personal name | Canfield J. |
| 906 ## - LOCAL DATA ELEMENT F, LDF (RLIN) | |
| d | O:0144830-Dec-2010B:649107-Dec-2010 |
| c | GENRL |
| b | 68.75 |
| Withdrawn status | Lost status | Damaged status | Not for loan | Home library | Current library | Date acquired | Vendor | Budget Code | Cost, normal purchase price | Bill number | Total Checkouts | Full call number | Barcode | Date last seen | Discount | Cost, replacement price | Bill Date | Koha item type | Original Barcode |
|---|---|---|---|---|---|---|---|---|---|---|---|---|---|---|---|---|---|---|---|
| Cummins College of Engineering for Women Pune | Cummins College of Engineering for Women Pune | 01/01/2011 | Tbs | GENRL | 206.25 | 6491 | 294.3444 | CCEP-BK-38014 | 18/07/2023 | 68.75 | 275.00 | 07/12/2010 | Books | 038014 |